International criminal justice on trial: the ICTY and ICTR case referral practice to National Courts and its possible relevance for the ICC
Saved in:
| 主要作者: | |
|---|---|
| 格式: | 圖書 |
| 語言: | 英语 |
| 出版: |
Berlín, Alemania
Duncker and Humblot
2016
|
| 叢編: | Strafrechtliche Forschungsberichte
v.155 |
| 主題: | |
| 標簽: |
添加標簽
沒有標簽, 成為第一個標記此記錄!
|
MARC
| LEADER | 00000nam a22000007a 4500 | ||
|---|---|---|---|
| 003 | CL-VaPUC | ||
| 005 | 20220810074500.0 | ||
| 008 | 200120b ||||| |||| 00| 0 eng d | ||
| 999 | |c 377565 |d 377563 | ||
| 020 | |a 9783428151363 | ||
| 040 | |c Pontificia Universidad Católica de Valparaíso | ||
| 041 | 0 | |a eng | |
| 082 | |a 345.07 SCH 2016 | ||
| 100 | 1 | |a Schuetze-Reymann, Jennifer |9 609645 | |
| 245 | 1 | 0 | |a International criminal justice on trial: |b the ICTY and ICTR case referral practice to National Courts and its possible relevance for the ICC |
| 260 | 3 | |a Berlín, Alemania |b Duncker and Humblot |c 2016 | |
| 300 | |a 323 páginas | ||
| 490 | 0 | 0 | |a Strafrechtliche Forschungsberichte |v v.155 |
| 505 | 0 | |a Chapter 1. The international criminal courts and tribunals and their relationship to national accountability mechanisms. Chapter 2. The referral practice to national courts as a crucial component of the ICTY and ICTR completion strategy and legal problems resulting from its implementation. Chapter 3. Possible root causes of legal problems resulting from the implementation of the ICTY/ICTR referral practice to national courts. Chapter 4. The ICTY/ICTR referral practice: impact and possible solutions. Chapter 5. ICTY/ICTR referral practice: What relevance for the ICC? | |
| 583 | |c 20200120 |k Daniel Castañeda | ||
| 650 | 0 | 0 | |a Procedimiento criminal |9 519247 |
| 650 | 0 | 0 | |a Juicios |9 327339 |
| 942 | |2 ddc |c BK | ||
| 952 | |0 0 |1 0 |2 ddc |4 0 |6 345_070000000000000_SCH_2016 |7 0 |9 497551 |a BIBDER |b BIBDER |d 2020-01-20 |i 5615216 |o 345.07 SCH 2016 |p 5615216 |r 2023-01-25 |t 1 |w 2020-01-20 |y BK |k DER | ||